| 000 | 00480pab a2200181 454500 | ||
|---|---|---|---|
| 008 | 180718b2006 xxu||||| |||| 00| 0 eng d | ||
| 100 | _aKumar, T.K. Manoj | ||
| 245 | _aAssessment of computerization of land records in Rajasthan: serving to some extent | ||
| 260 | _c2006 | ||
| 300 | _ap.11-40. | ||
| 362 | _aJun | ||
| 650 | _aLand tenure - India - Rajasthan | ||
| 650 | _aLand tenure | ||
| 700 | _aSingh, A.P. | ||
| 773 | _aAdministrator | ||
| 908 | _aN | ||
| 909 | _a74291 | ||
| 999 |
_c74291 _d74291 |
||